Countries with the best militaries outside of Asia - Statistics

General Stats
  • This quiz has been taken 64 times
  • The average score is 14 of 15
Answer Stats
Rank Country % Correct
#7 France
100%
#12 Italy
100%
#15 Germany
98%
#2 Russia
98%
#18 Spain
98%
#8 United Kingdom
98%
#1 United States
98%
#19 Australia
97%
#9 Brazil
95%
#21 Canada
95%
#23 Poland
95%
#13 Egypt
93%
#25 Ukraine
88%
#29 Greece
71%
#27 Algeria
59%
No matching quizzes found
Score Distribution
Percent of People with Each Score
Percentile by Number Answered
Your Score History
You have not taken this quiz